[Event "LEM 2009"]
[Site "Sangerhausen"]
[Date "2009.05.21"]
[Round "1.1"]
[White "Schuster, Martin"]
[Black "Ozeran, Volodymyr"]
[Result "1/2-1/2"]
[WhiteElo "2228"]
[BlackElo "2061"]
[PlyCount "93"]
[EventDate "2009.??.??"]

1. d4 d5 2. Nf3 Nf6 3. c4 c6 4. e3 Bf5 5. cxd5 Nxd5 6. Qb3 Qb6 7. Bc4 Qxb3 8.
Bxb3 Nb4 9. O-O Nc2 10. Bxc2 Bxc2 11. b3 e6 12. Bb2 Nd7 13. Nbd2 Nf6 14. Rac1
Bg6 15. Ne5 Bd6 16. Ndc4 Bb4 17. a3 Be7 18. b4 O-O 19. f3 Rfc8 20. e4 Rc7 21.
Na5 a6 22. Nac4 Rd8 23. Nb6 Ne8 24. Rfd1 Bg5 25. Rc3 f6 26. Nxg6 hxg6 27. Rcd3
Re7 28. g3 f5 29. Kg2 Nc7 30. a4 Ree8 31. Bc3 Bf6 32. Kf2 Na8 33. Nc4 Rd7 34.
Ne3 Nb6 35. a5 Nc8 36. d5 Bxc3 37. Rxc3 exd5 38. exd5 Na7 39. Rcd3 cxd5 40.
Nxd5 Kf7 41. Ne3 Rxd3 42. Rxd3 Re7 43. Nc4 Nc6 44. Rb3 Nd4 45. Rd3 Nc6 46. Rb3
Nd4 47. Rd3 1/2-1/2

[Event "LEM 2009"]
[Site "Sangerhausen"]
[Date "2009.05.21"]
[Round "1.2"]
[White "Engelmann, Jakob"]
[Black "Heyder, Florian"]
[Result "1-0"]
[WhiteElo "2114"]
[BlackElo "2099"]
[PlyCount "83"]
[EventDate "2009.??.??"]

1. e4 c5 2. Nf3 e6 3. d4 cxd4 4. Nxd4 a6 5. Bd3 Qb6 6. Nb3 Qc7 7. O-O Nf6 8. c4
d6 9. Qe2 b6 10. Nc3 Bb7 11. f4 Nbd7 12. Bd2 Be7 13. Rae1 h5 14. f5 e5 15. a4
h4 16. Rc1 Qd8 17. Kh1 Nh5 18. Nd5 Bxd5 19. cxd5 Bg5 20. f6 Bxf6 21. Qg4 Nf4
22. Bb1 Ng6 23. a5 b5 24. Bb4 Be7 25. Rc6 Nf6 26. Qf3 Nf4 27. Rfc1 g5 28. Nd2
g4 29. Qd1 g3 30. Nf1 {@} Qd7 31. h3 Nxh3 32. Qf3 Nf4 33. Kg1 h3 34. Nxg3 {@} Rg8 35.
Nf5 Rxg2+ 36. Kh1 N6h5 37. Be1 Bg5 38. Rxd6 Qxd6 39. Nxd6+ Kd7 40. Nxf7 h2 41.
Nxe5+ Kd6 42. Bb4+ 1-0

[Event "LEM 2009"]
[Site "Sangerhausen"]
[Date "2009.05.21"]
[Round "1.3"]
[White "Strache, Michael"]
[Black "Richter, Dustin"]
[Result "1-0"]
[WhiteElo "2226"]
[BlackElo "1978"]
[PlyCount "59"]
[EventDate "2009.??.??"]

1. Nf3 Nf6 2. c4 c5 3. Nc3 e6 4. g3 d5 5. cxd5 Nxd5 6. Bg2 Nc6 7. O-O Nc7 8. d3
e5 9. Be3 Be7 10. Rc1 Ne6 11. Na4 Qa5 12. b3 f5 13. Qe1 Qb5 14. Nc3 Qa6 15. Nd5
Qxa2 16. Nxe7 Nxe7 17. Nxe5 Qxb3 18. Rb1 Qa2 19. Ra1 Qb3 20. Rb1 Qa2 21. Qc1
Qa5 22. Bxb7 Bxb7 23. Rxb7 Rc8 24. Qc4 Nd8 25. Bg5 Rc7 26. Rb8 Rf8 27. Qe6 Qb5
28. Rxd8+ Kxd8 29. Bxe7+ Rxe7 30. Nc6+ 1-0

[Event "LEM 2009"]
[Site "Sangerhausen"]
[Date "2009.05.21"]
[Round "1.4"]
[White "Rothe, Guido"]
[Black "Brüggemann, Florian"]
[Result "1-0"]
[WhiteElo "2224"]
[BlackElo "2023"]
[PlyCount "85"]
[EventDate "2009.??.??"]

1. Nf3 d6 2. c4 g6 3. Nc3 Bg7 4. e4 Nf6 5. d4 c5 6. Be2 O-O 7. O-O Nc6 8. d5
Nb4 9. Bf4 h6 10. h3 Nd7 11. Qd2 Kh7 12. Rae1 b6 13. a3 Na6 14. Bd3 Ne5 15.
Nxe5 dxe5 16. Be3 g5 17. f4 f6 18. fxe5 fxe5 19. Rxf8 Qxf8 20. Rf1 Qg8 21. Be2
Bd7 22. Bg4 Bxg4 23. hxg4 Rf8 24. Rxf8 Qxf8 25. Nb5 Qc8 26. Qd1 Qd7 27. Qf3 Nc7
28. Nxa7 Nxd5 29. cxd5 Qxa7 30. Bd2 Qd7 31. Qf5+ Qxf5 32. gxf5 g4 33. Kf2 Bf6
34. a4 h5 35. b4 cxb4 36. Bxb4 Kg7 37. Bd2 h4 38. Be3 Kf7 39. Bxb6 Ke8 40. a5
Kd7 41. a6 Kc8 42. a7 Kb7 43. Bd8 1-0

[Event "LEM 2009"]
[Site "Sangerhausen"]
[Date "2009.05.21"]
[Round "2.1"]
[White "Ozeran, Volodymyr"]
[Black "Brüggemann, Florian"]
[Result "1-0"]
[WhiteElo "2061"]
[BlackElo "2023"]
[PlyCount "85"]
[EventDate "2009.??.??"]

1. f4 d5 2. Nf3 g6 3. e3 Bg7 4. d4 Nf6 5. Bd3 O-O 6. Nbd2 Bg4 7. O-O Nbd7 8.
Qe1 Bxf3 9. Rxf3 e6 10. Rb1 c5 11. c3 Qc7 12. Qe2 a6 13. Bc2 b5 14. dxc5 Nxc5
15. Rf1 Nce4 16. Nf3 Nd6 17. Bd2 Nfe4 18. Bd3 Nc5 19. Rfc1 Nxd3 20. Qxd3 Qc4
21. Qxc4 Nxc4 22. Rd1 Rac8 23. Kf2 Nd6 24. Ke2 Ne4 25. Be1 b4 26. cxb4 Rc2+ 27.
Kf1 Bxb2 28. Rd3 Rfc8 29. a4 Bc3 30. b5 Bxe1 31. Kxe1 Ra2 32. b6 Rxa4 33. b7
Rb8 34. Ne5 Nd6 35. Rdb3 Nb5 36. Nd7 Rxb7 37. Nc5 Nc3 38. Rxb7 Rc4 39. Nxe6
fxe6 40. R1b6 Ne4 41. Rxa6 Rc1+ 42. Ke2 Rc2+ 43. Kd1 1-0

[Event "LEM 2009"]
[Site "Sangerhausen"]
[Date "2009.05.21"]
[Round "2.2"]
[White "Richter, Dustin"]
[Black "Rothe, Guido"]
[Result "0-1"]
[WhiteElo "1978"]
[BlackElo "2224"]
[PlyCount "78"]
[EventDate "2009.??.??"]

1. e4 e5 2. Nf3 Nc6 3. Bb5 a6 4. Ba4 Nf6 5. O-O Be7 6. Re1 b5 7. Bb3 d6 8. c3
O-O 9. h3 Bb7 10. d4 Re8 11. Nbd2 Bf8 12. Bc2 h6 13. a4 Qd7 14. Bd3 exd4 15.
cxd4 Nb4 16. Bb1 c5 17. axb5 axb5 18. Rxa8 Bxa8 19. d5 g6 20. Nf1 Bg7 21. Bd2
Qa7 22. N3h2 Qa4 23. Qf3 Nbxd5 24. exd5 Rxe1 25. Bxe1 Bxd5 26. Qe2 Qa1 27. Qd1
Qxb2 28. Bc2 c4 29. Ng4 Nxg4 30. hxg4 Be6 31. Be4 c3 32. Ne3 Bb3 33. Qxd6 Qe2
34. Bxc3 Bxc3 35. Bd3 Qe1+ 36. Bf1 b4 37. Nd5 Bc4 38. Ne7+ Kg7 39. Qd8 Qxf1+
0-1

[Event "LEM 2009"]
[Site "Sangerhausen"]
[Date "2009.05.21"]
[Round "2.3"]
[White "Heyder, Florian"]
[Black "Strache, Michael"]
[Result "1/2-1/2"]
[WhiteElo "2099"]
[BlackElo "2226"]
[PlyCount "65"]
[EventDate "2009.??.??"]

1. e4 e5 2. Nf3 Nc6 3. Bc4 Bc5 4. O-O Nf6 5. d4 exd4 6. e5 d5 7. Bb5 Ne4 8.
Nxd4 Bd7 9. Nxc6 bxc6 10. Bd3 Qh4 11. Qe1 Ng5 12. Be3 Bh3 13. Qe2 Bxe3 14. Qxe3
Qg4 15. Qg3 Qxg3 16. hxg3 Bd7 17. Nc3 Rb8 18. b3 Ne6 19. f4 g6 20. Kf2 Nd4 21.
Ke3 Nf5+ 22. Bxf5 Bxf5 23. Rf2 f6 24. Kd4 fxe5+ 25. fxe5 Rb4+ 26. Kc5 Rg4 27.
Kxc6 d4 28. Nb5 Bd7+ 29. Kc5 Bxb5 30. Kxb5 Rxg3 31. Rd1 Rf8 32. Re2 Re3 33.
Rdd2 1/2-1/2

[Event "LEM 2009"]
[Site "Sangerhausen"]
[Date "2009.05.21"]
[Round "2.4"]
[White "Schuster, Martin"]
[Black "Engelmann, Jakob"]
[Result "0-1"]
[WhiteElo "2228"]
[BlackElo "2114"]
[PlyCount "112"]
[EventDate "2009.??.??"]

1. d4 d5 2. Nf3 Nf6 3. c4 c6 4. e3 a6 5. Qc2 Bg4 6. Nbd2 Nbd7 7. Bd3 e6 8. b3
Bd6 9. Bb2 O-O 10. O-O Qc7 11. h3 Bh5 12. c5 Be7 13. b4 Bg6 14. Bxg6 hxg6 15.
a3 Rfe8 16. Bc3 Nh7 17. Ne5 Nxe5 18. dxe5 Nf8 19. f4 Nd7 20. Bd4 Rec8 21. Rac1
a5 22. e4 axb4 23. axb4 Ra6 24. exd5 cxd5 25. Nb3 Ra4 26. Qd2 Rca8 27. Rc2 Qc6
28. Bc3 Qb5 29. Nd4 Qc4 30. Rb1 Nb8 31. Qe2 Qxe2 32. Rxe2 Nc6 33. Reb2 Bh4 34.
Kh2 Nxd4 35. Bxd4 Kf8 36. Be3 Ke8 37. g3 Be7 38. Rc2 Ra2 39. Rbb2 Rxb2 40. Rxb2
Ra3 41. Bf2 Kd7 42. h4 Kc6 43. b5+ Kc7 44. c6 bxc6 45. Rc2 c5 46. Bxc5 Bxc5 47.
Rxc5+ Kb6 48. Rc6+ Kxb5 49. Rc7 d4 50. Kg2 Rc3 51. Rxf7 Kc4 52. Kf2 Kd3 53.
Rxg7 Ke4 54. Rd7 Rc2+ 55. Kg1 d3 56. f5 gxf5 0-1

[Event "LEM 2009"]
[Site "Sangerhausen"]
[Date "2009.05.21"]
[Round "3.1"]
[White "Engelmann, Jakob"]
[Black "Ozeran, Volodymyr"]
[Result "1-0"]
[WhiteElo "2114"]
[BlackElo "2061"]
[PlyCount "65"]
[EventDate "2009.??.??"]

1. e4 c6 2. d4 d5 3. e5 Bf5 4. Nf3 e6 5. Be2 Nd7 6. O-O Qb6 7. c4 dxc4 8. Nbd2
Bd3 9. Nxc4 Bxc4 10. Bxc4 Qc7 11. Qe2 Nb6 12. Bd3 Ne7 13. Ng5 g6 14. Ne4 Ned5
15. Bg5 Be7 16. Bxe7 Qxe7 17. Nd6+ Kf8 18. Rfd1 Rd8 19. Rac1 Nc8 20. Ne4 Kg7
21. Bb1 Qh4 22. g3 Qe7 23. a3 Ncb6 24. Ba2 Rhe8 25. Nd6 Rf8 26. Rd3 Kg8 27. Ne4
Kg7 28. Rf3 f5 29. exf6+ Nxf6 30. Nc5 Rd6 31. Nxe6+ Kh8 32. Re3 Rb8 33. Ng5 1-0

[Event "LEM 2009"]
[Site "Sangerhausen"]
[Date "2009.05.21"]
[Round "3.2"]
[White "Strache, Michael"]
[Black "Schuster, Martin"]
[Result "1/2-1/2"]
[WhiteElo "2226"]
[BlackElo "2228"]
[PlyCount "75"]
[EventDate "2009.??.??"]

1. e4 c6 2. d4 d5 3. exd5 cxd5 4. c4 Nf6 5. Nc3 Nc6 6. Nf3 Bg4 7. cxd5 Nxd5 8.
Qb3 Bxf3 9. gxf3 e6 10. Qxb7 Nxd4 11. Bb5+ Nxb5 12. Qc6+ Ke7 13. Qxb5 Qd7 14.
Nxd5+ Qxd5 15. Bg5+ f6 16. Qxd5 exd5 17. Be3 Ke6 18. Rg1 g6 19. O-O-O Bb4 20.
Kb1 Rhd8 21. h4 Rd7 22. h5 gxh5 23. Rh1 Rc8 24. Rxh5 Rc4 25. Rd4 Rxd4 26. Bxd4
Bd2 27. Kc2 Bg5 28. Be3 Kf5 29. Kd3 Kg6 30. Rh2 Bxe3 31. fxe3 h5 32. b4 Rb7 33.
Rb2 Kf5 34. Kd4 Ke6 35. a3 Rc7 36. Rh2 Rc4+ 37. Kd3 Rc1 38. Rxh5 1/2-1/2

[Event "LEM 2009"]
[Site "Sangerhausen"]
[Date "2009.05.21"]
[Round "3.3"]
[White "Rothe, Guido"]
[Black "Heyder, Florian"]
[Result "0-1"]
[WhiteElo "2224"]
[BlackElo "2099"]
[PlyCount "60"]
[EventDate "2009.??.??"]

1. e4 c5 2. Nf3 e6 3. Nc3 a6 4. d4 cxd4 5. Nxd4 Qc7 6. Bd3 Nf6 7. O-O d6 8. Qe2
Nbd7 9. a4 b6 10. Bd2 Be7 11. b4 Bb7 12. Bc4 Nxe4 13. Nxe4 d5 14. Bb3 dxe4 15.
Bxe6 Bf6 16. Bxd7+ Qxd7 17. Be3 O-O 18. Rfd1 Qc7 19. c4 Be5 20. Rac1 Bxh2+ 21.
Kh1 Bf4 22. c5 Bxe3 23. fxe3 bxc5 24. Rxc5 Qb6 25. Nf5 Rad8 26. Rf1 Qxb4 27.
Ne7+ Kh8 28. Qh5 Rd6 29. Rxf7 Rxf7 30. Re5 Rh6 0-1

[Event "LEM 2009"]
[Site "Sangerhausen"]
[Date "2009.05.21"]
[Round "3.4"]
[White "Brüggemann, Florian"]
[Black "Richter, Dustin"]
[Result "0-1"]
[WhiteElo "2023"]
[BlackElo "1978"]
[PlyCount "90"]
[EventDate "2009.??.??"]

1. e4 c5 2. Nf3 d6 3. Bc4 Nf6 4. Qe2 Nc6 5. c3 Bg4 6. d3 e6 7. Bb3 Be7 8. Nbd2
Qc7 9. h3 Bh5 10. Nf1 O-O 11. Ng3 Bg6 12. O-O d5 13. Nh4 Rad8 14. Nxg6 hxg6 15.
Bc2 b5 16. f4 b4 17. Bd2 bxc3 18. bxc3 Na5 19. Rae1 Rfe8 20. e5 Nd7 21. Qg4 Nc6
22. h4 Qa5 23. a4 Rb8 24. Rb1 Rxb1 25. Rxb1 Nd4 26. Bd1 Nf5 27. Nxf5 gxf5 28.
Qg3 Rb8 29. Rxb8+ Nxb8 30. h5 Nd7 31. Qe1 Qa6 32. Bc2 Nb6 33. Qd1 Bd8 34. g4
fxg4 35. d4 cxd4 36. cxd4 Qc4 37. Be3 Qc3 38. Qd2 Qxd2 39. Bxd2 f5 40. exf6
gxf6 41. f5 Nc4 42. Bf4 e5 43. dxe5 fxe5 44. Bc1 Bb6+ 45. Kg2 Be3 0-1

[Event "LEM 2009"]
[Site "Sangerhausen"]
[Date "2009.05.21"]
[Round "4.1"]
[White "Ozeran, Volodymyr"]
[Black "Richter, Dustin"]
[Result "0-1"]
[WhiteElo "2061"]
[BlackElo "1978"]
[PlyCount "94"]
[EventDate "2009.??.??"]

1. c4 Nf6 2. Nc3 e5 3. Nf3 Nc6 4. g3 d5 5. cxd5 Nxd5 6. Bg2 Nb6 7. d3 Be7 8.
O-O O-O 9. a4 a5 10. Be3 Be6 11. Bxb6 cxb6 12. Nd2 Rc8 13. Rc1 Qd4 14. b3 Qb4
15. Nd5 Bxd5 16. Bxd5 Bg5 17. e3 b5 18. Ne4 Be7 19. f4 bxa4 20. bxa4 Qb6 21.
Qf3 Ba3 22. Rb1 Qd8 23. Rxb7 exf4 24. Qh5 Ne7 25. Ng5 h6 26. Bxf7+ Kh8 27. Bc4
Rxc4 28. dxc4 Qd2 29. Rxf4 Qxe3+ 30. Kg2 Qd2+ 31. Kh3 Rxf4 32. Rb8+ Ng8 33.
gxf4 Qxf4 34. Rb3 Qf1+ 35. Kh4 Be7 36. Rg3 Qf4+ 37. Qg4 Bxg5+ 38. Kh3 Qf1+ 39.
Rg2 Nf6 40. Qc8+ Kh7 41. Qe6 Qf3+ 42. Rg3 Qf1+ 43. Rg2 Qf4 44. Rg1 Ne4 45. Kg2
Qf2+ 46. Kh1 Qf3+ 47. Rg2 Qf1+ 0-1

[Event "LEM 2009"]
[Site "Sangerhausen"]
[Date "2009.05.21"]
[Round "4.2"]
[White "Heyder, Florian"]
[Black "Brüggemann, Florian"]
[Result "1-0"]
[WhiteElo "2099"]
[BlackElo "2023"]
[PlyCount "101"]
[EventDate "2009.??.??"]

1. e4 e6 2. d4 d5 3. Nc3 Nf6 4. e5 Nfd7 5. Nce2 c5 6. c3 Nc6 7. f4 cxd4 8. cxd4
Be7 9. Nf3 O-O 10. h4 f6 11. a3 fxe5 12. fxe5 Rxf3 13. gxf3 Bxh4+ 14. Kd2 Ndxe5
15. dxe5 Nxe5 16. Nd4 Qg5+ 17. Kc2 Qg6+ 18. Kb3 Bf2 19. Qd2 Bxd4 20. Qxd4 Nxf3
21. Qe3 Qf6 22. Bd3 e5 23. Bxh7+ Kf7 24. Ka2 Be6 25. b3 a5 26. Rf1 e4 27. Bxe4
dxe4 28. Bb2 Qf5 29. Rac1 a4 30. Rc7+ Ke8 31. Rh1 axb3+ 32. Ka1 Rxa3+ 33. Bxa3
Qe5+ 34. Qc3 Qxc3+ 35. Rxc3 Kf7 36. Rc7+ Kf6 37. Bb2+ Kf5 38. Rxg7 e3 39. Bc3
e2 40. Kb2 b5 41. Be1 Bc4 42. Kc3 Kf4 43. Bd2+ Kf5 44. Re7 Kg4 45. Be1 Kf4 46.
Bf2 Kg4 47. Re8 Kf4 48. Rb1 Ng5 49. Be3+ Kf5 50. Bxg5 Kxg5 51. Rf8 1-0

[Event "LEM 2009"]
[Site "Sangerhausen"]
[Date "2009.05.21"]
[Round "4.3"]
[White "Schuster, Martin"]
[Black "Rothe, Guido"]
[Result "1-0"]
[WhiteElo "2228"]
[BlackElo "2224"]
[PlyCount "67"]
[EventDate "2009.??.??"]

1. d4 Nf6 2. c4 g6 3. Nc3 Bg7 4. e4 d6 5. Nf3 O-O 6. h3 Na6 7. Bg5 Qe8 8. g4 c5
9. Bg2 cxd4 10. Nxd4 Nc5 11. O-O Ne6 12. Be3 Nxd4 13. Bxd4 Be6 14. b3 Nd7 15.
f4 Bxd4+ 16. Qxd4 f6 17. Nd5 Rc8 18. Qxa7 Nc5 19. Qa5 Bxd5 20. exd5 Ra8 21. Qe1
Qd8 22. Kh2 Re8 23. b4 Na4 24. a3 Kg7 25. Qe3 Qc8 26. Rac1 b6 27. Rfe1 Qa6 28.
Qd4 Qc8 29. Re6 Ra7 30. Rce1 Rc7 31. g5 Rxc4 32. Rxe7+ Rxe7 33. Qxf6+ Kg8 34.
Rxe7 1-0

[Event "LEM 2009"]
[Site "Sangerhausen"]
[Date "2009.05.21"]
[Round "4.4"]
[White "Engelmann, Jakob"]
[Black "Strache, Michael"]
[Result "1/2-1/2"]
[WhiteElo "2114"]
[BlackElo "2226"]
[PlyCount "94"]
[EventDate "2009.??.??"]

1. e4 e5 2. Nf3 Nc6 3. Bb5 Nf6 4. O-O Nxe4 5. d4 Nd6 6. Bxc6 dxc6 7. dxe5 Nf5
8. Qxd8+ Kxd8 9. Rd1+ Ke8 10. Nc3 h6 11. h3 Be6 12. g4 Ne7 13. Nd4 Bd7 14. Nde2
h5 15. f3 Ng6 16. Nf4 Bc5+ 17. Kg2 hxg4 18. hxg4 Nf8 19. Ne4 Be7 20. Be3 b6 21.
Rh1 Rg8 22. Rad1 a5 23. a4 c5 24. Nd5 Rc8 25. b3 c4 26. Kg3 Bc6 27. Rh2 Ne6 28.
f4 cxb3 29. cxb3 Rd8 30. Rhd2 Rxd5 31. Rxd5 Bxd5 32. Rxd5 Rh8 33. f5 Nd8 34.
Rd1 Nc6 35. Bf4 Nb4 36. Ng5 c6 37. e6 fxe6 38. Nxe6 Kf7 39. Rd7 Nd5 40. Nd4
Nxf4 41. Kxf4 Rc8 42. Ne6 c5 43. g5 c4 44. bxc4 Rxc4+ 45. Ke5 Rc1 46. Rb7 Re1+
47. Kf4 Rf1+ 1/2-1/2

[Event "LEM 2009"]
[Site "Sangerhausen"]
[Date "2009.05.21"]
[Round "5.1"]
[White "Strache, Michael"]
[Black "Ozeran, Volodymyr"]
[Result "1-0"]
[WhiteElo "2226"]
[BlackElo "2061"]
[PlyCount "107"]
[EventDate "2009.??.??"]

1. e4 c6 2. d4 d5 3. exd5 cxd5 4. c4 Nf6 5. Nc3 e6 6. c5 Be7 7. Nf3 O-O 8. Qc2
Nc6 9. Bb5 Bd7 10. Bxc6 Bxc6 11. O-O a5 12. Ne5 Qc7 13. Bf4 Nh5 14. Be3 Rfc8
15. Qe2 g6 16. Nb5 Qd8 17. Rac1 Ng7 18. b3 Nf5 19. Nxc6 bxc6 20. Nc3 Bf6 21.
Rcd1 Qc7 22. f4 h5 23. Kh1 Qb7 24. Na4 Qa6 25. Qd2 Bd8 26. g3 Rcb8 27. Kg2 Bf6
28. Nb6 Ra7 29. h3 Bd8 30. Na4 Qb7 31. g4 Ng7 32. Bf2 Qe7 33. Bg3 Rbb7 34. Qe3
f5 35. g5 Bc7 36. h4 Ra8 37. Be1 Kf7 38. Nb2 Qd8 39. Nd3 Qb8 40. Bc3 Raa7 41.
Kf3 Ra8 42. Rb1 Qd8 43. Rb2 Rab8 44. Bxa5 Bxa5 45. Ne5+ Kg8 46. Nxc6 Qc7 47.
Nxb8 Rxb8 48. a3 Kf7 49. b4 Qc8 50. Rfb1 Bd8 51. b5 Ne8 52. Rb3 Qc7 53. b6 Qb7
54. Qd3 1-0

[Event "LEM 2009"]
[Site "Sangerhausen"]
[Date "2009.05.21"]
[Round "5.2"]
[White "Rothe, Guido"]
[Black "Engelmann, Jakob"]
[Result "0-1"]
[WhiteElo "2224"]
[BlackElo "2114"]
[PlyCount "67"]
[EventDate "2009.??.??"]

1. e4 e5 2. f4 exf4 3. Nf3 Be7 4. Bc4 Nf6 5. e5 Nh5 6. O-O O-O 7. d4 d5 8. exd6
Bxd6 9. Ne5 Bxe5 10. dxe5 Qxd1 11. Rxd1 Bg4 12. Re1 Nc6 13. Bd2 Nd4 14. Na3
Rad8 15. Bc3 c6 16. Bb4 Rfe8 17. c3 Ne6 18. Bd6 g6 19. Rf1 Nhg7 20. Nc2 Nf5 21.
Bxe6 fxe6 22. Ba3 g5 23. Rae1 Rd2 24. Nd4 Nxd4 25. cxd4 Rxd4 26. Rf2 Red8 27.
Bd6 Rd7 28. g3 Rf7 29. gxf4 gxf4 30. Bc5 Rc4 31. Bxa7 f3 32. Be3 Bh3 33. Rd1
Kg7 34. Rd4 0-1

[Event "LEM 2009"]
[Site "Sangerhausen"]
[Date "2009.05.21"]
[Round "5.3"]
[White "Brüggemann, Florian"]
[Black "Schuster, Martin"]
[Result "1-0"]
[WhiteElo "2023"]
[BlackElo "2228"]
[PlyCount "45"]
[EventDate "2009.??.??"]

1. e4 c6 2. d4 d5 3. e5 Bf5 4. Nc3 e6 5. g4 Bg6 6. Nge2 c5 7. Be3 Nc6 8. f4
Qh4+ 9. Ng3 Nh6 10. Be2 cxd4 11. Bxd4 Bb4 12. Bf2 Qd8 13. O-O O-O 14. a3 Be7
15. Nb5 Qc8 16. c3 Rd8 17. Bf3 a6 18. Nd4 b5 19. b4 Rd7 20. Bg2 Rc7 21. Nxc6
Rxc6 22. f5 exf5 23. Qxd5 1-0

[Event "LEM 2009"]
[Site "Sangerhausen"]
[Date "2009.05.21"]
[Round "5.4"]
[White "Richter, Dustin"]
[Black "Heyder, Florian"]
[Result "0-1"]
[WhiteElo "1978"]
[BlackElo "2099"]
[PlyCount "74"]
[EventDate "2009.??.??"]

1. e4 c5 2. Nf3 e6 3. d4 cxd4 4. Nxd4 a6 5. Nc3 Qc7 6. Be2 Nf6 7. O-O d6 8. Be3
Nbd7 9. f4 b5 10. Bf3 Bb7 11. a3 Nc5 12. e5 dxe5 13. Ndxb5 axb5 14. Nxb5 Qb6
15. Bxb7 Rd8 16. Qf3 Qxb7 17. Qxb7 Nxb7 18. Nc7+ Kd7 19. fxe5 Kxc7 20. exf6 g6
21. b4 Bd6 22. c4 Be5 23. Bf4 Bxf4 24. Rxf4 Rd2 25. c5 Rhd8 26. a4 Rd1+ 27. Rf1
Rxa1 28. Rxa1 Kc6 29. Kf2 Kd5 30. a5 Ra8 31. a6 Nd8 32. Ke3 Kc4 33. Rc1+ Kb5
34. Rd1 Kxb4 35. a7 Nc6 36. Rd6 Kxc5 37. Rd7 Rxa7 0-1

[Event "LEM 2009"]
[Site "Sangerhausen"]
[Date "2009.05.21"]
[Round "6.1"]
[White "Ozeran, Volodymyr"]
[Black "Heyder, Florian"]
[Result "1/2-1/2"]
[WhiteElo "2061"]
[BlackElo "2099"]
[PlyCount "24"]
[EventDate "2009.??.??"]

1. c4 c5 2. Nc3 b6 3. Nf3 Bb7 4. g3 Nf6 5. Bg2 e6 6. O-O Be7 7. d4 cxd4 8. Nxd4
Bxg2 9. Kxg2 a6 10. Qd3 Qc7 11. Qf3 Nc6 12. Bf4 Qc8 1/2-1/2

[Event "LEM 2009"]
[Site "Sangerhausen"]
[Date "2009.05.21"]
[Round "6.2"]
[White "Schuster, Martin"]
[Black "Richter, Dustin"]
[Result "1/2-1/2"]
[WhiteElo "2228"]
[BlackElo "1978"]
[PlyCount "81"]
[EventDate "2009.??.??"]

1. d4 Nf6 2. c4 c5 3. d5 e6 4. Nc3 exd5 5. cxd5 d6 6. e4 g6 7. Nf3 Bg7 8. h3
O-O 9. Bd3 Na6 10. O-O Nc7 11. a4 a6 12. Re1 Rb8 13. a5 Bd7 14. Qb3 Re8 15. Bf4
Bb5 16. Bxb5 axb5 17. Nd2 Nh5 18. Bh2 b4 19. Na4 Nb5 20. Nb6 Bh6 21. Nf3 f6 22.
Qa4 Nc7 23. Nd7 Ra8 24. Nb6 Rb8 25. Rad1 Re7 26. Nd2 Bf4 27. Ndc4 Bxh2+ 28.
Kxh2 Rf7 29. g3 Qe7 30. Kg2 Rbf8 31. f3 f5 32. h4 f4 33. Nxd6 fxg3 34. Nxf7
Qxh4 35. Nh6+ Kg7 36. Ng4 Nf4+ 37. Kg1 Nh3+ 38. Kf1 Nf4 39. Kg1 Nh3+ 40. Kg2
Nf4+ 41. Kg1 1/2-1/2

[Event "LEM 2009"]
[Site "Sangerhausen"]
[Date "2009.05.21"]
[Round "6.3"]
[White "Engelmann, Jakob"]
[Black "Brüggemann, Florian"]
[Result "1/2-1/2"]
[WhiteElo "2114"]
[BlackElo "2023"]
[PlyCount "80"]
[EventDate "2009.??.??"]

1. e4 c5 2. Nf3 d6 3. d4 cxd4 4. Nxd4 Nf6 5. Nc3 a6 6. f3 e6 7. Be3 Qc7 8. Qd2
b5 9. g4 Bb7 10. O-O-O Nc6 11. Nxc6 Bxc6 12. Ne2 Rc8 13. Nd4 Bb7 14. h4 Nd7 15.
Kb1 Ne5 16. Rg1 Nc6 17. Nxc6 Bxc6 18. Bd4 a5 19. h5 e5 20. Be3 h6 21. Rg2 a4
22. a3 Qb7 23. c3 Bd7 24. Qd5 Qxd5 25. Rxd5 Rb8 26. Rc2 Bc6 27. Rd1 g6 28. hxg6
fxg6 29. Rh2 h5 30. Be2 Rb7 31. Rdh1 Rbh7 32. c4 bxc4 33. Bxc4 Be7 34. b4 axb3
35. Bxb3 h4 36. g5 Rf8 37. Bd1 d5 38. exd5 Bxd5 39. Rxh4 Rxh4 40. Rxh4 Bxa3
1/2-1/2

[Event "LEM 2009"]
[Site "Sangerhausen"]
[Date "2009.05.21"]
[Round "6.4"]
[White "Strache, Michael"]
[Black "Rothe, Guido"]
[Result "1-0"]
[WhiteElo "2226"]
[BlackElo "2224"]
[PlyCount "51"]
[EventDate "2009.??.??"]

1. Nf3 Nf6 2. g3 g6 3. Bg2 Bg7 4. O-O O-O 5. d4 d6 6. Re1 c6 7. e4 e5 8. c4
Nbd7 9. Nc3 exd4 10. Nxd4 Ng4 11. h3 Nge5 12. b3 Nc5 13. Be3 a5 14. Qe2 a4 15.
Rad1 Qa5 16. Qc2 Qb4 17. f4 Ned7 18. Nce2 axb3 19. axb3 Re8 20. Nc1 Ra3 21. Kh2
Qa5 22. Bd2 Qb6 23. Bc3 Nf6 24. Qb2 Qa7 25. Nc2 Ncxe4 26. Bd4 1-0

[Event "LEM 2009"]
[Site "Sangerhausen"]
[Date "2009.05.21"]
[Round "7.1"]
[White "Rothe, Guido"]
[Black "Ozeran, Volodymyr"]
[Result "0-1"]
[WhiteElo "2224"]
[BlackElo "2061"]
[PlyCount "56"]
[EventDate "2009.??.??"]

1. e4 c6 2. d4 d5 3. e5 Bf5 4. Nc3 e6 5. g4 Bg6 6. Nge2 h6 7. Nf4 Bh7 8. Bd3
Bxd3 9. Qxd3 Ne7 10. Be3 Qc7 11. O-O-O Nd7 12. h4 O-O-O 13. Rh3 a6 14. Qe2 c5
15. dxc5 Nc6 16. Ncxd5 exd5 17. Nxd5 Qa5 18. e6 fxe6 19. Nb6+ Nxb6 20. Rxd8+
Nxd8 21. c6 Bd6 22. Bd4 Qxa2 23. Rb3 Re8 24. Be5 Bxe5 25. Qxe5 Re7 26. Rd3 Nxc6
27. Qc5 Qa1+ 28. Kd2 Qa5+ 0-1

[Event "LEM 2009"]
[Site "Sangerhausen"]
[Date "2009.05.21"]
[Round "7.2"]
[White "Brüggemann, Florian"]
[Black "Strache, Michael"]
[Result "1-0"]
[WhiteElo "2023"]
[BlackElo "2226"]
[PlyCount "75"]
[EventDate "2009.??.??"]

1. e4 c5 2. Nf3 d6 3. d4 cxd4 4. Nxd4 Nf6 5. Nc3 a6 6. Bg5 e6 7. f4 Nbd7 8. Qf3
Be7 9. O-O-O h6 10. Bxf6 Bxf6 11. g4 Qb6 12. Nde2 g5 13. h4 gxh4 14. Bh3 Qc7
15. g5 hxg5 16. e5 Be7 17. exd6 Bxd6 18. fxg5 Ne5 19. Qf6 Ng6 20. Rhf1 Rh7 21.
Rxd6 Qxd6 22. Rd1 Qe7 23. Ne4 Bd7 24. Qc3 Nf8 25. Nd6+ Qxd6 26. Rxd6 Rc8 27.
Qd2 Rg7 28. b3 Rc5 29. Nc3 Rcxg5 30. Ne4 Rg1+ 31. Kb2 R1g6 32. Qd4 Ke7 33. Nc5
Bc6 34. Rd8 Rg8 35. Qd6+ Kf6 36. Rxf8 Rxf8 37. Qxf8 Bd5 38. Nd7+ 1-0

[Event "LEM 2009"]
[Site "Sangerhausen"]
[Date "2009.05.21"]
[Round "7.3"]
[White "Richter, Dustin"]
[Black "Engelmann, Jakob"]
[Result "0-1"]
[WhiteElo "1978"]
[BlackElo "2114"]
[PlyCount "72"]
[EventDate "2009.??.??"]

1. e4 c5 2. Nf3 d6 3. d4 cxd4 4. Nxd4 Nf6 5. Nc3 a6 6. Be3 e6 7. Qd2 b5 8. f3
Bb7 9. g4 Qc7 10. O-O-O Nc6 11. h4 Nd7 12. Kb1 Rc8 13. g5 Nce5 14. Qf2 Nc4 15.
Bc1 Na3+ 16. bxa3 Qxc3 17. Bb2 Qc5 18. Qd2 Ne5 19. Rh2 Nc4 20. Bxc4 bxc4 21.
Qc3 Be7 22. Rg2 Rg8 23. Bc1 d5 24. e5 Kd7 25. f4 g6 26. h5 Rb8 27. Ka1 Bd8 28.
Bd2 Bc6 29. hxg6 hxg6 30. Rh2 Be7 31. Rh7 Rgf8 32. Bc1 Rb7 33. Rh3 Rfb8 34. Be3
Qxa3 35. Qxa3 Bxa3 36. Bc1 Rb1# 0-1

[Event "LEM 2009"]
[Site "Sangerhausen"]
[Date "2009.05.21"]
[Round "7.4"]
[White "Heyder, Florian"]
[Black "Schuster, Martin"]
[Result "1-0"]
[WhiteElo "2099"]
[BlackElo "2228"]
[PlyCount "69"]
[EventDate "2009.??.??"]

1. e4 c6 2. Nc3 d5 3. f4 dxe4 4. Nxe4 Nd7 5. Nf3 Ngf6 6. Nf2 e6 7. b3 Bd6 8.
Nd3 Qc7 9. g3 O-O 10. Bb2 b6 11. Bg2 Bb7 12. O-O c5 13. Nde5 Rad8 14. Qe2 Rfe8
15. Ng5 Bxg2 16. Kxg2 Re7 17. Rae1 h6 18. Ngf3 Nd5 19. a3 Qb7 20. Kg1 b5 21. d3
Rc8 22. c4 N5f6 23. Nd2 a6 24. g4 Nh7 25. Rf3 Bxe5 26. fxe5 Ndf8 27. h4 Ng6 28.
Qf2 bxc4 29. dxc4 Rd7 30. Ne4 Rd1 31. h5 Qxe4 32. Rxd1 Ng5 33. Rg3 Nf4 34. Kh2
Ne2 35. Re3 1-0